00352nam a2200145Ia 4500008004100000020002200041041000800063082001200071100002500083260002900108245003400137250000600171300000800177650002100185220805s9999 xx 000 0 und d a978-81-7809-163-1 aeng a153.932 aAvery,Christopher B. aMumbaibMagna pub.c2003 aTeam work is individual skill a1 a192 aHuman psychology